Pays qui possédaient Tokyo à travers l'histoire - Statistiques

Statistiques générales
  • Ce quiz a été pris 88 fois
  • Le résultat moyen est 2 sur 6
Statistiques - réponses
Période Pays ou Subdivisions % Correct
1952 - Aujourd'hui Japon
95%
1947 - 1952 Occupation américaine
63%
1603 - 1868 Époque d'Edo / Tokugawa
31%
1868 - 1947 Empire du Japon
27%
1450 - 1573 Époque de Muromachi / Shogunat Ashikaga
5%
1573 -1603 Époque Azuchi Momoyama
3%
Aucun quiz correspondant
Distribution des résultats
% des personnes avec chaque résultat
Percentile par nombre de réponses
Votre historique - résultats
Vous n’avez pas pris ce quiz